[Event "DVM U20 2022"]
[Site "Münster GER"]
[Date "2022.12.29"]
[Round "6"]
[White "Perkampus, Laurin"]
[Black "Dornieden, Jonas"]
[Result "1/2-1/2"]
[Termination "normal"]
[Board "2.4"]
[WhiteElo "2168"]
[BlackElo "2073"]
[WhiteClock "00:50:28"]
[BlackClock "00:30:19"]
[WhiteTeam "Schachgemeinschaft Porz e. V."]
[BlackTeam "SK Lehrte von 1919 e. V."]
[PlyCount "63"]
[WhiteFideId "16232283"]
[BlackFideId "1336460"]
[EventCountry "GER"]
[EventRounds "7"]
[EventType "team-swiss"]
[EventDate "2022.12.26"]

1. c4 {[%emt 0:00:01]} c6 {[%emt 0:00:18]} 2. d4 {[%emt 0:00:26]} d5 {[%emt
0:00:12]} 3. cxd5 {[%emt 0:00:10]} cxd5 {[%emt 0:00:09]} 4. Nc3 {[%emt
0:00:06]} Nf6 {[%emt 0:00:42]} 5. Nf3 {[%emt 0:00:05]} Nc6 {[%emt 0:01:55]} 6.
Bf4 {[%emt 0:00:12]} e6 {[%emt 0:08:27]} 7. e3 {[%emt 0:09:30]} Bd6 {[%emt
0:08:53]} 8. Bxd6 {[%emt 0:03:12]} Qxd6 {[%emt 0:00:06]} 9. Bd3 {[%emt
0:00:08]} O-O {[%emt 0:02:53]} 10. O-O {[%emt 0:00:08]} h6 {[%emt 0:06:08]} 11.
Rc1 {[%emt 0:01:42]} Bd7 {[%emt 0:07:20]} 12. a3 {[%emt 0:11:28]} Rfc8 {[%emt
0:10:09]} 13. Na4 {[%emt 0:08:53]} Ne7 {[%emt 0:08:36]} 14. Nc5 {[%emt
0:03:19]} b6 {[%emt 0:08:58]} 15. Nxd7 {[%emt 0:02:59]} Nxd7 {[%emt 0:00:46]}
16. Ba6 {[%emt 0:05:56]} Rxc1 {[%emt 0:02:03]} 17. Qxc1 {[%emt 0:00:10]} Rd8
{[%emt 0:01:12]} 18. Qd2 Nb8 19. Bb5 Rc8 20. Rc1 Rxc1 21. Qxc1 a6 22. Ba4 Nd7
23. Qc3 b5 24. Bc2 Qc6 25. Qd3 g6 26. h4 Qc4 27. Nd2 Qxd3 28. Bxd3 Nb6 29. b3
Nec8 30. Nb1 Nd6 31. Nc3 Kf8 32. a4 1/2-1/2

[Event "DVM U20 2022"]
[Site "Münster GER"]
[Date "2022.12.29"]
[Round "6"]
[White "Weigand, Anton"]
[Black "Gallasch, Robin"]
[Result "1-0"]
[Termination "normal"]
[Board "2.5"]
[WhiteElo "1948"]
[BlackElo "2035"]
[WhiteClock "01:01:49"]
[BlackClock "00:24:01"]
[WhiteTeam "SK Lehrte von 1919 e. V."]
[BlackTeam "Schachgemeinschaft Porz e. V."]
[PlyCount "101"]
[WhiteFideId "16221915"]
[BlackFideId "16222423"]
[EventCountry "GER"]
[EventRounds "7"]
[EventType "team-swiss"]
[EventDate "2022.12.26"]

1. e4 {[%emt 0:00:02]} b6 {[%emt 0:00:35]} 2. d4 {[%emt 0:01:55]} Bb7 {[%emt
0:00:07]} 3. Nd2 {[%emt 0:02:58]} e6 {[%emt 0:01:20]} 4. Ngf3 {[%emt 0:00:47]}
d6 {[%emt 0:06:56]} 5. Bd3 {[%emt 0:00:49]} Nd7 {[%emt 0:00:05]} 6. O-O {[%emt
0:00:44]} g6 {[%emt 0:00:27]} 7. Re1 {[%emt 0:01:19]} Bg7 {[%emt 0:00:35]} 8.
c3 {[%emt 0:00:29]} Ne7 {[%emt 0:03:41]} 9. Nf1 {[%emt 0:00:42]} O-O {[%emt
0:01:39]} 10. Ng3 {[%emt 0:01:27]} c5 {[%emt 0:08:00]} 11. Be3 {[%emt 0:03:30]}
h6 {[%emt 0:10:00]} 12. a4 {[%emt 0:03:09]} a6 {[%emt 0:05:58]} 13. Nd2 {[%emt
0:06:15]} Nc6 {[%emt 0:10:43]} 14. Ne2 {[%emt 0:03:15]} Qe7 {[%emt 0:07:23]}
15. f4 {[%emt 0:01:01]} cxd4 {[%emt 0:00:45]} 16. Nxd4 {[%emt 0:04:07]} Nc5
{[%emt 0:04:15]} 17. Bc2 {[%emt 0:01:32]} Kh7 {[%emt 0:03:24]} 18. Nc4 {[%emt
0:03:10]} Nxd4 {[%emt 0:08:37]} 19. Bxd4 {[%emt 0:00:57]} e5 {[%emt 0:01:31]}
20. Bxc5 dxc5 21. Nxb6 exf4 22. Nxa8 Rxa8 23. Qg4 Be5 24. Rad1 Bc6 25. Qe2 Qe6
26. Bd3 g5 27. Bc4 Qg6 28. Bd5 Rc8 29. Qg4 Rc7 30. Bxc6 Rxc6 31. Qf5 Re6 32.
Rd7 Kg7 33. Qxg6 Kxg6 34. a5 g4 35. Rb7 c4 36. Rb6 Bd6 37. Kf1 Bc5 38. Rxe6
fxe6 39. Rd1 Kf6 40. Rd8 Be3 41. Ra8 Bc1 42. Rxa6 Bxb2 43. Rc6 Bxc3 44. a6 Bd4
45. Rxc4 Be3 46. Rc7 Ke5 47. a7 Bxa7 48. Rxa7 Kxe4 49. Rh7 e5 50. Rxh6 Ke3 51.
Rg6 1-0

[Event "DVM U20 2022"]
[Site "Münster GER"]
[Date "2022.12.29"]
[Round "6"]
[White "Sabirov, Rafael"]
[Black "Kieselbach, Jannik"]
[Result "1-0"]
[Termination "normal"]
[Board "2.6"]
[WhiteElo "1991"]
[BlackElo "1854"]
[WhiteClock "01:04:11"]
[BlackClock "00:20:50"]
[WhiteTeam "Schachgemeinschaft Porz e. V."]
[BlackTeam "SK Lehrte von 1919 e. V."]
[PlyCount "65"]
[WhiteFideId "16241185"]
[BlackFideId "16246403"]
[EventCountry "GER"]
[EventRounds "7"]
[EventType "team-swiss"]
[EventDate "2022.12.26"]

1. e4 c5 {[%emt 0:00:06]} 2. Nc3 {[%emt 0:00:04]} Nc6 {[%emt 0:00:18]} 3. Bb5
{[%emt 0:00:05]} Nd4 {[%emt 0:00:37]} 4. Nf3 {[%emt 0:00:20]} g6 {[%emt
0:23:29]} 5. O-O {[%emt 0:00:49]} Bg7 {[%emt 0:00:47]} 6. Nxd4 {[%emt 0:04:27]}
cxd4 {[%emt 0:00:48]} 7. Ne2 {[%emt 0:00:18]} e6 {[%emt 0:01:27]} 8. c3 {[%emt
0:05:08]} a6 {[%emt 0:05:11]} 9. Bd3 {[%emt 0:03:21]} dxc3 {[%emt 0:01:19]} 10.
dxc3 {[%emt 0:00:13]} Ne7 {[%emt 0:01:39]} 11. Bg5 {[%emt 0:03:41]} O-O {[%emt
0:06:33]} 12. Bc2 {[%emt 0:01:19]} f6 {[%emt 0:02:02]} 13. Be3 {[%emt 0:03:08]}
f5 {[%emt 0:22:30]} 14. Bc5 {[%emt 0:04:26]} fxe4 {[%emt 0:02:35]} 15. Bxe4
{[%emt 0:02:19]} d5 {[%emt 0:01:02]} 16. Bf3 {[%emt 0:03:25]} Be5 {[%emt
0:04:54]} 17. Ng3 {[%emt 0:01:43]} Qc7 {[%emt 0:02:54]} 18. Ba3 Bd6 19. Bxd6
Qxd6 20. Qd2 Qc7 21. Rfe1 Nf5 22. Nxf5 Rxf5 23. Bg4 Rf6 24. g3 Bd7 25. Qd4 Raf8
26. f4 b5 27. Rac1 Qc4 28. b3 Qc7 29. c4 bxc4 30. bxc4 Qd6 31. cxd5 exd5 32.
Bf3 Bc6 33. Rxc6 1-0

[Event "DVM U20 2022"]
[Site "Münster GER"]
[Date "2022.12.29"]
[Round "6"]
[White "Garbuz, Vitaliy"]
[Black "Runte, Moritz"]
[Result "1-0"]
[Termination "normal"]
[Board "3.1"]
[WhiteElo "2147"]
[BlackElo "2187"]
[WhiteClock "00:51:03"]
[BlackClock "00:33:55"]
[WhiteTeam "Schachfreunde Brackel 1930 e. V."]
[BlackTeam "Schachverein Hemer 1932"]
[PlyCount "65"]
[WhiteFideId "12990710"]
[BlackFideId "12991449"]
[EventCountry "GER"]
[EventRounds "7"]
[EventType "team-swiss"]
[EventDate "2022.12.26"]

1. d4 d5 {[%emt 0:00:08]} 2. Nf3 {[%emt 0:00:20]} Nf6 {[%emt 0:00:09]} 3. c4
{[%emt 0:00:18]} c6 {[%emt 0:00:55]} 4. Qc2 {[%emt 0:01:15]} dxc4 {[%emt
0:02:51]} 5. Qxc4 {[%emt 0:01:34]} Bf5 {[%emt 0:04:03]} 6. Nc3 {[%emt 0:05:38]}
e6 {[%emt 0:03:09]} 7. Bg5 {[%emt 0:03:00]} Be7 {[%emt 0:03:08]} 8. a4 {[%emt
0:09:25]} Nbd7 {[%emt 0:02:13]} 9. a5 {[%emt 0:00:40]} O-O {[%emt 0:04:59]} 10.
e3 {[%emt 0:02:02]} Ne4 {[%emt 0:06:14]} 11. Bxe7 {[%emt 0:01:02]} Qxe7 {[%emt
0:00:10]} 12. Be2 {[%emt 0:01:08]} c5 {[%emt 0:08:15]} 13. O-O {[%emt 0:02:51]}
Rac8 {[%emt 0:02:55]} 14. Nxe4 {[%emt 0:01:30]} Bxe4 {[%emt 0:00:05]} 15. Rfc1
{[%emt 0:03:57]} Bd5 {[%emt 0:15:12]} 16. Qc2 {[%emt 0:00:34]} Nf6 {[%emt
0:07:36]} 17. dxc5 {[%emt 0:02:31]} b6 {[%emt 0:01:23]} 18. axb6 {[%emt
0:00:47]} axb6 {[%emt 0:00:10]} 19. b4 {[%emt 0:00:28]} bxc5 {[%emt 0:00:36]}
20. bxc5 {[%emt 0:09:20]} Ne4 {[%emt 0:00:53]} 21. Ra5 {[%emt 0:01:32]} Qc7
{[%emt 0:02:03]} 22. Qa4 Ra8 23. Rxa8 Rxa8 24. Qb4 Rc8 25. c6 Nd6 26. Nd4 Rb8
27. Qc5 g6 28. f3 Rb2 29. e4 Bxe4 30. fxe4 Nxe4 31. Qa3 Rxe2 32. Qd3 Qf4 33.
Nxe2 1-0

[Event "DVM U20 2022"]
[Site "Münster GER"]
[Date "2022.12.29"]
[Round "6"]
[White "Leonard, Timo"]
[Black "Kracht, Raphael"]
[Result "1/2-1/2"]
[Termination "normal"]
[Board "3.2"]
[WhiteElo "2174"]
[BlackElo "2124"]
[WhiteClock "00:51:08"]
[BlackClock "00:27:42"]
[WhiteTeam "Schachverein Hemer 1932"]
[BlackTeam "Schachfreunde Brackel 1930 e. V."]
[PlyCount "132"]
[WhiteFideId "16208757"]
[BlackFideId "16214382"]
[EventCountry "GER"]
[EventRounds "7"]
[EventType "team-swiss"]
[EventDate "2022.12.26"]

1. d4 Nf6 {[%emt 0:00:30]} 2. c4 {[%emt 0:00:12]} e6 {[%emt 0:00:06]} 3. Nf3
{[%emt 0:00:04]} d5 {[%emt 0:00:05]} 4. Nc3 {[%emt 0:00:04]} dxc4 {[%emt
0:00:04]} 5. e4 {[%emt 0:01:30]} Bb4 {[%emt 0:00:07]} 6. Bxc4 {[%emt 0:00:05]}
Nxe4 {[%emt 0:00:09]} 7. O-O {[%emt 0:00:05]} Nxc3 {[%emt 0:00:04]} 8. bxc3
{[%emt 0:00:08]} Be7 {[%emt 0:00:16]} 9. Bf4 {[%emt 0:00:28]} O-O {[%emt
0:05:27]} 10. Qc2 {[%emt 0:00:32]} Nd7 {[%emt 0:27:53]} 11. Bd3 {[%emt
0:01:13]} g6 {[%emt 0:06:13]} 12. h4 {[%emt 0:03:17]} Bxh4 {[%emt 0:27:23]} 13.
Nxh4 {[%emt 0:00:03]} Qxh4 {[%emt 0:00:09]} 14. Bxc7 {[%emt 0:00:03]} Nb6
{[%emt 0:01:11]} 15. Rfe1 {[%emt 0:11:41]} Bd7 {[%emt 0:00:48]} 16. Bd6 {[%emt
0:27:48]} Rfe8 17. Qd2 Bc6 18. Bg3 Qe7 19. Qh6 Qf8 20. Qh4 f6 21. c4 Qf7 22.
Re3 Rad8 23. Rae1 g5 24. Qg4 h5 25. Qd1 h4 26. Bh2 Kg7 27. Be2 Ba4 28. Qa1 Bc2
29. Qc3 Bf5 30. Bd1 Qd7 31. g4 Bg6 32. Bf3 Qxd4 33. Qxd4 Rxd4 34. Rxe6 Rxe6 35.
Rxe6 Kf7 36. Rd6 Rxd6 37. Bxd6 Nc8 38. Bb4 b6 39. Bd5 Ke8 40. Be6 Ne7 41. f4
gxf4 42. Bd6 Bf7 43. Bxf7 Kxf7 44. Bxf4 f5 45. gxf5 Kf6 46. a4 Kxf5 47. Be3 Ke4
48. Bf2 Nf5 49. c5 bxc5 50. Bxc5 a6 51. Kh2 Kd5 52. Bb6 Kc6 53. Bd8 Kc5 54. Kh3
Kb4 55. a5 Nd4 56. Kxh4 Nc6 57. Bc7 Nxa5 58. Kg4 Kb5 59. Kf3 Nb7 60. Ke3 Kc6
61. Bf4 a5 62. Kd3 Kb5 63. Kc3 Nc5 64. Be3 Ne4 65. Kb3 Nd6 66. Bh6 a4 1/2-1/2

[Event "DVM U20 2022"]
[Site "Münster GER"]
[Date "2022.12.29"]
[Round "6"]
[White "Kartsev, Nikolay"]
[Black "Trinh, Fabian Dat"]
[Result "1-0"]
[Termination "normal"]
[Board "3.3"]
[WhiteElo "2074"]
[BlackElo "1852"]
[WhiteClock "00:55:53"]
[BlackClock "00:34:38"]
[WhiteTeam "Schachfreunde Brackel 1930 e. V."]
[BlackTeam "Schachverein Hemer 1932"]
[PlyCount "129"]
[WhiteFideId "12939536"]
[BlackFideId "16243641"]
[EventCountry "GER"]
[EventRounds "7"]
[EventType "team-swiss"]
[EventDate "2022.12.26"]

1. e4 {[%emt 0:00:42]} e5 {[%emt 0:00:05]} 2. Nf3 {[%emt 0:00:05]} Nc6 {[%emt
0:00:07]} 3. Bb5 {[%emt 0:00:15]} a6 {[%emt 0:00:32]} 4. Ba4 {[%emt 0:00:14]}
Nf6 {[%emt 0:00:23]} 5. d3 {[%emt 0:00:10]} b5 {[%emt 0:01:09]} 6. Bb3 {[%emt
0:00:06]} Bc5 {[%emt 0:00:48]} 7. c3 {[%emt 0:00:08]} d6 {[%emt 0:01:43]} 8.
Nbd2 {[%emt 0:00:16]} O-O {[%emt 0:02:39]} 9. h3 {[%emt 0:02:12]} h6 {[%emt
0:06:29]} 10. O-O {[%emt 0:01:35]} Bb6 {[%emt 0:05:30]} 11. Re1 {[%emt
0:00:17]} Ne7 {[%emt 0:00:38]} 12. a4 {[%emt 0:03:38]} Rb8 {[%emt 0:05:53]} 13.
Nf1 {[%emt 0:07:11]} Ng6 {[%emt 0:01:27]} 14. Ng3 {[%emt 0:01:16]} Re8 {[%emt
0:01:34]} 15. d4 {[%emt 0:03:20]} exd4 {[%emt 0:07:18]} 16. Nxd4 {[%emt
0:00:57]} Bd7 {[%emt 0:02:37]} 17. axb5 {[%emt 0:10:08]} axb5 {[%emt 0:02:51]}
18. Ndf5 {[%emt 0:04:57]} Be6 {[%emt 0:18:51]} 19. Bc2 {[%emt 0:06:41]} d5
{[%emt 0:04:44]} 20. Qf3 Ne5 21. Qf4 Ng6 22. Qf3 Ne5 23. Qf4 Ng6 24. Nxh6 gxh6
25. Qxh6 Bc5 26. e5 Bf8 27. Qe3 Nd7 28. Qd3 Qh4 29. f4 Bc5 30. Kh2 Nxf4 31.
Bxf4 Qxf4 32. Qh7 Kf8 33. Rf1 Qxe5 34. Rae1 Qg7 35. Qh5 Bd6 36. Re3 b4 37. Bg6
Nf6 38. Qh4 Qxg6 39. Rxf6 Qg7 40. Rh6 Kg8 41. Rh5 Be7 42. Qf4 bxc3 43. bxc3 c5
44. Nf5 Bxf5 45. Rxf5 Rb6 46. Rxd5 Rg6 47. g3 Re6 48. h4 Qg6 49. h5 Qh6 50.
Qxh6 Rxh6 51. Rxc5 Bxc5 52. Rxe8 Kg7 53. Re5 Bd6 54. Rd5 Re6 55. Kg2 Be5 56. c4
Kh6 57. Kf3 Kxh5 58. Ke4 f6 59. Kf5 Rc6 60. g4 Kh4 61. c5 Bc3 62. Kf4 Be5 63.
Kf5 Bc3 64. Kf4 Bb4 65. Rh5# 1-0

[Event "DVM U20 2022"]
[Site "Münster GER"]
[Date "2022.12.29"]
[Round "6"]
[White "Naumenko, Valerija"]
[Black "Bartelt, Max Peter"]
[Result "0-1"]
[Termination "normal"]
[Board "3.4"]
[WhiteElo "1788"]
[BlackElo "2026"]
[WhiteClock "00:27:17"]
[BlackClock "00:52:00"]
[WhiteTeam "Schachverein Hemer 1932"]
[BlackTeam "Schachfreunde Brackel 1930 e. V."]
[PlyCount "112"]
[WhiteFideId "16222890"]
[BlackFideId "12967289"]
[EventCountry "GER"]
[EventRounds "7"]
[EventType "team-swiss"]
[EventDate "2022.12.26"]

1. e4 {[%emt 0:00:01]} e6 {[%emt 0:00:04]} 2. d4 {[%emt 0:00:05]} d5 {[%emt
0:00:03]} 3. Nc3 {[%emt 0:00:05]} Bb4 {[%emt 0:00:04]} 4. exd5 {[%emt 0:00:05]}
exd5 {[%emt 0:00:05]} 5. Bd3 {[%emt 0:00:07]} Nc6 {[%emt 0:00:11]} 6. a3 {[%emt
0:00:07]} Bxc3 {[%emt 0:00:36]} 7. bxc3 {[%emt 0:00:06]} Nge7 {[%emt 0:00:59]}
8. Ne2 {[%emt 0:04:31]} Bg4 {[%emt 0:06:52]} 9. O-O {[%emt 0:03:11]} Qd7 {[%emt
0:02:04]} 10. Rb1 {[%emt 0:04:40]} b6 {[%emt 0:00:06]} 11. Re1 {[%emt 0:07:55]}
O-O-O {[%emt 0:01:16]} 12. f3 {[%emt 0:05:55]} Bf5 {[%emt 0:01:00]} 13. Ba6
{[%emt 0:02:01]} Kb8 {[%emt 0:00:05]} 14. Nf4 {[%emt 0:00:23]} Qd6 {[%emt
0:14:12]} 15. Nd3 {[%emt 0:21:23]} Bc8 {[%emt 0:02:22]} 16. Bxc8 {[%emt
0:03:34]} Rxc8 {[%emt 0:00:53]} 17. a4 {[%emt 0:11:25]} Ka8 {[%emt 0:07:18]}
18. Nb4 {[%emt 0:06:38]} Na5 {[%emt 0:09:19]} 19. Be3 f6 20. Bf2 Rhe8 21. Bg3
Qd7 22. Na6 Nc4 23. Qd3 Nd6 24. a5 h5 25. Bxd6 Qxd6 26. axb6 cxb6 27. Qb5 Red8
28. Nc5 Nc6 29. Re6 Qc7 30. Na6 Qd7 31. Rbe1 Na5 32. Qe2 Qb7 33. Re7 Rd7 34.
Rxd7 Qxd7 35. Qe7 Qb7 36. Nb4 Rxc3 37. Qd8 Rc8 38. Qxd5 Qxd5 39. Nxd5 Rd8 40.
Re8 Nc6 41. Rxd8 Nxd8 42. Kf2 Kb7 43. Ke2 Kc6 44. c4 Ne6 45. Nb4 Kd6 46. Ke3 a5
47. Nc2 g5 48. g3 Ng7 49. Ke4 f5 50. Ke3 Ne6 51. Na3 Nc7 52. Kd3 Kc6 53. Kc3 b5
54. d5 Kc5 55. Nxb5 Nxb5 56. cxb5 Kxb5 0-1

[Event "DVM U20 2022"]
[Site "Münster GER"]
[Date "2022.12.29"]
[Round "6"]
[White "Seref, Erdogan"]
[Black "Poggemann, Alexander"]
[Result "1-0"]
[Termination "normal"]
[Board "3.5"]
[WhiteElo "1987"]
[BlackElo "1717"]
[WhiteClock "01:02:35"]
[BlackClock "00:24:22"]
[WhiteTeam "Schachfreunde Brackel 1930 e. V."]
[BlackTeam "Schachverein Hemer 1932"]
[PlyCount "69"]
[WhiteFideId "16206827"]
[BlackFideId "16224167"]
[EventCountry "GER"]
[EventRounds "7"]
[EventType "team-swiss"]
[EventDate "2022.12.26"]

1. e4 {[%emt 0:00:02]} c5 {[%emt 0:00:20]} 2. Nf3 {[%emt 0:00:16]} Nc6 {[%emt
0:00:09]} 3. d4 {[%emt 0:00:06]} cxd4 {[%emt 0:00:16]} 4. Nxd4 {[%emt 0:00:18]}
g6 {[%emt 0:00:14]} 5. c4 {[%emt 0:00:12]} Bg7 {[%emt 0:00:17]} 6. Be3 {[%emt
0:00:12]} Nf6 {[%emt 0:00:29]} 7. Nc3 {[%emt 0:00:22]} O-O {[%emt 0:00:28]} 8.
Be2 {[%emt 0:00:29]} d6 {[%emt 0:00:30]} 9. O-O {[%emt 0:00:49]} Bd7 {[%emt
0:00:22]} 10. Qd2 {[%emt 0:05:12]} Nxd4 {[%emt 0:00:27]} 11. Bxd4 {[%emt
0:00:19]} Bc6 {[%emt 0:00:21]} 12. f3 {[%emt 0:00:22]} a5 {[%emt 0:00:26]} 13.
b3 {[%emt 0:02:23]} Nd7 {[%emt 0:01:44]} 14. Be3 {[%emt 0:00:12]} Nc5 {[%emt
0:04:45]} 15. Rac1 {[%emt 0:01:44]} Qb6 {[%emt 0:05:46]} 16. Kh1 {[%emt
0:06:50]} a4 {[%emt 0:26:36]} 17. b4 {[%emt 0:01:16]} Qxb4 {[%emt 0:02:42]} 18.
Nd5 {[%emt 0:00:38]} Qxd2 {[%emt 0:00:15]} 19. Nxe7 {[%emt 0:00:09]} Kh8 {[%emt
0:00:06]} 20. Bxd2 {[%emt 0:00:05]} Rfe8 {[%emt 0:11:14]} 21. Nd5 {[%emt
0:01:14]} Bxd5 {[%emt 0:04:30]} 22. cxd5 {[%emt 0:00:17]} Bb2 {[%emt 0:08:04]}
23. Rc2 {[%emt 0:08:12]} a3 {[%emt 0:05:16]} 24. Bb5 {[%emt 0:07:08]} Rec8
{[%emt 0:02:58]} 25. Bb4 {[%emt 0:01:31]} Nb3 26. Rxc8 Rxc8 27. Bxd6 Nc1 28.
Be7 Nxa2 29. d6 Nb4 30. d7 Ra8 31. Bxb4 a2 32. Ba5 b6 33. Bxb6 a1=Q 34. d8=Q
Kg7 35. Qd5 1-0

[Event "DVM U20 2022"]
[Site "Münster GER"]
[Date "2022.12.29"]
[Round "6"]
[White "Nguyen, Alex Dac-Vuong"]
[Black "Nöldner, Julian"]
[Result "1-0"]
[Termination "normal"]
[Board "4.1"]
[WhiteTitle "FM"]
[WhiteElo "2310"]
[BlackElo "2065"]
[WhiteClock "00:38:13"]
[BlackClock "01:00:27"]
[WhiteTeam "Schachgemeinschaft Leipzig"]
[BlackTeam "Barnimer Schachfreunde im SV Stahl Finow e.V."]
[PlyCount "43"]
[WhiteFideId "12984388"]
[BlackFideId "16218744"]
[EventCountry "GER"]
[EventRounds "7"]
[EventType "team-swiss"]
[EventDate "2022.12.26"]

1. e4 {[%clk 01:30:57]} {[%emt 00:00:03]} c6 {[%clk 01:24:49]} {[%emt
00:06:11]} 2. d4 {[%clk 01:31:17]} {[%emt 00:00:11]} d5 {[%clk 01:25:13]}
{[%emt 00:00:05]} 3. exd5 {[%clk 01:31:44]} {[%emt 00:00:03]} cxd5 {[%clk
01:25:36]} {[%emt 00:00:07]} 4. c4 {[%clk 01:32:11]} {[%emt 00:00:04]} Nf6
{[%clk 01:26:00]} {[%emt 00:00:05]} 5. Nc3 {[%clk 01:32:37]} {[%emt 00:00:04]}
Nc6 {[%clk 01:25:04]} {[%emt 00:01:25]} 6. Bg5 {[%clk 01:33:00]} {[%emt
00:00:09]} dxc4 {[%clk 01:23:28]} {[%emt 00:02:05]} 7. Bxc4 {[%clk 01:33:25]}
{[%emt 00:00:05]} Qxd4 {[%clk 01:22:39]} {[%emt 00:01:19]} 8. Qxd4 {[%clk
01:33:50]} {[%emt 00:00:06]} Nxd4 {[%clk 01:23:03]} {[%emt 00:00:05]} 9. O-O-O
{[%clk 01:34:15]} {[%emt 00:00:05]} e5 {[%clk 01:23:26]} {[%emt 00:00:06]} 10.
f4 {[%clk 01:34:42]} {[%emt 00:00:04]} Bg4 {[%clk 01:23:49]} {[%emt 00:00:06]}
11. Nf3 {[%clk 01:35:08]} {[%emt 00:00:04]} Bxf3 {[%clk 01:24:03]} {[%emt
00:00:16]} 12. gxf3 {[%clk 01:35:33]} {[%emt 00:00:06]} O-O-O {[%clk 01:22:47]}
{[%emt 00:01:45]} 13. Bxf7 {[%clk 01:11:48]} {[%emt 00:24:16]} exf4 {[%clk
01:10:22]} {[%emt 00:12:54]} 14. Nd5 {[%clk 01:02:44]} {[%emt 00:09:34]} Nxf3
{[%clk 01:07:17]} {[%emt 00:03:34]} 15. Bxf4 {[%clk 00:42:06]} {[%emt
00:21:09]} Bd6 {[%clk 01:05:44]} {[%emt 00:02:01]} 16. Nb6 {[%clk 00:40:25]}
{[%emt 00:02:13]} Kc7 {[%clk 01:02:11]} {[%emt 00:04:03]} 17. Rxd6 {[%clk
00:39:09]} {[%emt 00:01:47]} Rxd6 {[%clk 01:01:37]} {[%emt 00:01:04]} 18. Nc4
{[%clk 00:39:33]} {[%emt 00:00:06]} Rhd8 {[%clk 00:59:59]} {[%emt 00:02:06]}
19. Nxd6 {[%clk 00:38:00]} {[%emt 00:02:04]} Rxd6 {[%clk 01:00:19]} {[%emt
00:00:08]} 20. Rd1 {[%clk 00:38:04]} {[%emt 00:00:27]} Ne4 {[%clk 01:00:26]}
{[%emt 00:00:23]} 21. Bd5 {[%clk 00:38:03]} {[%emt 00:00:31]} Nfg5 {[%clk
01:00:27]} {[%emt 00:00:28]} 22. h4 {[%clk 00:38:13]} {[%emt 00:00:21]} 1-0

[Event "DVM U20 2022"]
[Site "Münster GER"]
[Date "2022.12.29"]
[Round "6"]
[White "Beyer, Lorenz"]
[Black "Haufe, Laurin"]
[Result "1/2-1/2"]
[Termination "normal"]
[Board "4.2"]
[WhiteElo "1883"]
[BlackElo "2139"]
[WhiteClock "00:47:36"]
[BlackClock "00:36:37"]
[WhiteTeam "Barnimer Schachfreunde im SV Stahl Finow e.V."]
[BlackTeam "Schachgemeinschaft Leipzig"]
[PlyCount "58"]
[WhiteFideId "16245393"]
[BlackFideId "12976504"]
[EventCountry "GER"]
[EventRounds "7"]
[EventType "team-swiss"]
[EventDate "2022.12.26"]

1. Nf3 {[%emt 0:00:13]} Nf6 {[%emt 0:00:14]} 2. e3 {[%emt 0:00:46]} c5 {[%emt
0:01:37]} 3. c4 {[%emt 0:03:46]} Nc6 {[%emt 0:01:49]} 4. b3 {[%emt 0:00:55]} d5
{[%emt 0:08:08]} 5. cxd5 {[%emt 0:09:29]} Nxd5 {[%emt 0:00:08]} 6. Bb5 {[%emt
0:01:34]} Qc7 {[%emt 0:11:58]} 7. Bb2 {[%emt 0:00:48]} Bd7 {[%emt 0:08:52]} 8.
O-O {[%emt 0:01:27]} f6 {[%emt 0:03:31]} 9. d4 {[%emt 0:01:41]} cxd4 {[%emt
0:02:26]} 10. Nxd4 {[%emt 0:00:35]} Nxd4 {[%emt 0:00:36]} 11. Bxd7 {[%emt
0:00:06]} Qxd7 {[%emt 0:00:05]} 12. Qxd4 {[%emt 0:00:28]} e6 {[%emt 0:03:31]}
13. Nc3 {[%emt 0:16:15]} Nxc3 {[%emt 0:01:56]} 14. Qxc3 {[%emt 0:03:22]} Rc8
{[%emt 0:07:05]} 15. Qa5 {[%emt 0:04:03]} Bc5 {[%emt 0:01:22]} 16. Rfd1 {[%emt
0:02:23]} Qc7 {[%emt 0:02:14]} 17. Qxc7 {[%emt 0:01:36]} Rxc7 {[%emt 0:00:10]}
18. Rac1 {[%emt 0:00:12]} O-O {[%emt 0:05:20]} 19. Kf1 {[%emt 0:02:45]} Rfc8
{[%emt 0:02:19]} 20. Ke2 Kf7 21. Bd4 Ke7 22. Bxc5 Rxc5 23. Rxc5 Rxc5 24. Rd4
Rc2 25. Rd2 Rxd2 26. Kxd2 Kd6 27. Kd3 Kc5 28. Kc3 a5 29. a3 h5 1/2-1/2

[Event "DVM U20 2022"]
[Site "Münster GER"]
[Date "2022.12.29"]
[Round "6"]
[White "Neuhoff, Laertes"]
[Black "Straßburg, Robin Leonard"]
[Result "1/2-1/2"]
[Termination "normal"]
[Board "4.3"]
[WhiteElo "2033"]
[BlackElo "1781"]
[WhiteClock "00:54:02"]
[BlackClock "00:26:28"]
[WhiteTeam "Schachgemeinschaft Leipzig"]
[BlackTeam "Barnimer Schachfreunde im SV Stahl Finow e.V."]
[PlyCount "71"]
[WhiteFideId "16279719"]
[BlackFideId "16210018"]
[EventCountry "GER"]
[EventRounds "7"]
[EventType "team-swiss"]
[EventDate "2022.12.26"]

1. e4 {[%emt 1:11:47]} c6 {[%emt 0:00:11]} 2. d4 {[%emt 0:00:05]} d5 {[%emt
0:00:10]} 3. e5 {[%emt 0:00:03]} Bf5 {[%emt 0:00:40]} 4. h4 {[%emt 0:00:12]} h5
{[%emt 0:00:09]} 5. Bd3 {[%emt 0:00:11]} Bxd3 {[%emt 0:00:11]} 6. Qxd3 {[%emt
0:00:06]} e6 {[%emt 0:00:07]} 7. Nf3 {[%emt 0:00:08]} Qb6 {[%emt 0:05:59]} 8.
Nbd2 {[%emt 0:05:55]} Nd7 {[%emt 0:06:30]} 9. O-O {[%emt 0:01:23]} Nh6 {[%emt
0:04:32]} 10. c4 {[%emt 0:03:21]} Nf5 {[%emt 0:08:32]} 11. b3 {[%emt 0:06:19]}
Be7 {[%emt 0:01:10]} 12. g3 {[%emt 0:00:33]} Rc8 {[%emt 0:14:35]} 13. a4 {[%emt
0:04:23]} g6 {[%emt 0:09:26]} 14. c5 {[%emt 0:09:39]} Qc7 {[%emt 0:04:53]} 15.
a5 {[%emt 0:07:29]} a6 {[%emt 0:01:15]} 16. b4 {[%emt 0:00:47]} Nb8 {[%emt
0:09:38]} 17. Nb3 {[%emt 0:01:33]} Kd7 {[%emt 0:02:59]} 18. Bg5 {[%emt
0:01:37]} Rcf8 {[%emt 0:03:28]} 19. Rae1 {[%emt 0:00:46]} Kc8 20. Na1 Nd7 21.
Nc2 Qd8 22. Ne3 Rfg8 23. Ra1 Qe8 24. Rfc1 Nb8 25. Kf1 Rf8 26. Kg2 Qd8 27. Nxf5
gxf5 28. Bxe7 Qxe7 29. Ng5 Rfg8 30. Kf1 Rg6 31. Ke2 Kc7 32. Kd2 Qe8 33. Kc3 Nd7
34. Qe2 Qe7 35. Kb3 Nb8 36. f4 1/2-1/2